000 00286nam a22001097a 4500
008 160613b xxu||||| |||| 00| 0 eng d
020 _a0803611129
041 _aeng
080 _a618.2
245 _aNursing research: Reading, understanding and applying:
_cJames A. Fain;
942 _2udc
_cBK
999 _c2448
_d2448